[Event "Las Palmas Cabildo op"]
[Site "Las Palmas"]
[Date "2017.03.31"]
[Round "7"]
[White "Gonzalez Intelangelo, Gerardo"]
[Black "Costache, Bogdan Alexandru"]
[Result "0-1"]
[WhiteElo "1921"]
[BlackElo "1790"]
[PlyCount "90"]
[EventDate "2017.03.10"]
[EventType "swiss"]
[EventRounds "7"]
[EventCountry "ESP"]
[SourceTitle "EXT 2018"]
[Source "ChessBase"]
[SourceDate "2017.10.13"]
[SourceVersion "1"]
[SourceVersionDate "2017.10.13"]
[SourceQuality "1"]

1. Nf3 d6 2. d4 Nf6 3. c4 g6 4. Nc3 Bg7 5. Bf4 0-0 6. e3 Nfd7 7. d5 c6 8. Be2 Qa5 9. 0-0 Bxc3 10. bxc3 Qxc3 11. Rc1 Qg7 12. e4 h6 13. Qd2 g5 14. Be3 Nc5 15. e5 Bf5 16. Bd4 Ne4 17. Qb2 c5 18. Qxb7 Nd7 19. Ba1 Rfb8 20. Qc7 Rc8 21. Qa5 Nxe5 22. Nxe5 dxe5 23. Rb1 Nd6 24. Rb3 f6 25. Bb2 e6 26. dxe6 Bxe6 27. Qa6 Qc7 28. Rd1 Rd8 29. Bc3 Bc8 30. Qa3 a5 31. Rdb1 Bf5 32. R1b2 a4 33. Rb6 Be6 34. Rb1 Bf5 35. R1b2 Be6 36. Rb1 Bxc4 37. Rxd6 Bxe2 38. Rxf6 Ra6 39. Rxa6 Bxa6 40. h4 Qc6 41. Bxe5 Qe4 42. Qb2 Rd7 43. Qb8+ Kf7 44. Rb6 Rd1+ 45. Kh2 Qxh4# 0-1

[Event "Las Palmas Cabildo op"]
[Site "Las Palmas"]
[Date "2017.03.28"]
[Round "6"]
[White "Amador Garcia, Ismael"]
[Black "Gonzalez Intelangelo, Gerardo"]
[Result "1/2-1/2"]
[WhiteElo "1759"]
[BlackElo "1921"]
[PlyCount "74"]
[EventDate "2017.03.10"]
[EventType "swiss"]
[EventRounds "7"]
[EventCountry "ESP"]
[SourceTitle "EXT 2018"]
[Source "ChessBase"]
[SourceDate "2017.10.13"]
[SourceVersion "1"]
[SourceVersionDate "2017.10.13"]
[SourceQuality "1"]

1. e4 c6 2. d4 d5 3. e5 Bf5 4. Be3 e6 5. Nd2 Ne7 6. f4 h6 7. Ngf3 Qb6 8. Qc1 Na6 9. a3 Bh7 10. c4 Nf5 11. c5 Qd8 12. Bf2 Be7 13. h4 h5 14. Ng5 Bg6 15. b4 Nc7 16. Nb3 Nh6 17. a4 Ng4 18. b5 f6 19. Nf3 fxe5 20. Nxe5 Nxe5 21. dxe5 Qd7 22. Nd4 0-0 23. g3 Bf5 24. Be2 g6 25. 0-0 Ne8 26. bxc6 bxc6 27. Qc3 Qc7 28. Rfc1 Ng7 29. a5 Rab8 30. a6 Rfc8 31. Bd1 Qd7 32. Ba4 Be4 33. Ra2 Nf5 34. Rb2 Nxd4 35. Bxd4 Qc7 36. Re1 Rxb2 37. Qxb2 Rb8 1/2-1/2

[Event "Las Palmas Cabildo op"]
[Site "Las Palmas"]
[Date "2017.03.17"]
[Round "3"]
[White "Gonzalez Intelangelo, Gerardo"]
[Black "Gutierrez Olivares, Daniel"]
[Result "0-1"]
[WhiteElo "1921"]
[BlackElo "2333"]
[PlyCount "24"]
[EventDate "2017.03.10"]
[EventType "swiss"]
[EventRounds "7"]
[EventCountry "ESP"]
[SourceTitle "EXT 2018"]
[Source "ChessBase"]
[SourceDate "2017.10.13"]
[SourceVersion "1"]
[SourceVersionDate "2017.10.13"]
[SourceQuality "1"]

1. e4 c5 2. Nf3 Nc6 3. d4 cxd4 4. Nxd4 Nf6 5. Nc3 e5 6. Nf3 Bb4 7. Qe2 0-0 8. Bd2 d5 9. exd5 Nd4 10. Qd1 Bg4 11. a3 e4 12. axb4 exf3 0-1

[Event "Gran Canaria Galdos op 1st"]
[Site "Gran Canaria"]
[Date "2016.05.05"]
[Round "6"]
[White "Santana Chacopino, Carlos"]
[Black "Gonzalez Intelangelo, Gerardo"]
[Result "0-1"]
[WhiteElo "1440"]
[BlackElo "1972"]
[PlyCount "70"]
[EventDate "2016.04.26"]
[EventType "swiss"]
[EventRounds "6"]
[EventCountry "ESP"]
[SourceTitle "CBM 172 Extra"]
[Source "ChessBase"]
[SourceDate "2016.06.21"]
[SourceVersion "1"]
[SourceVersionDate "2016.06.21"]
[SourceQuality "1"]

1. d4 f5 2. Bg5 Nf6 3. Bxf6 exf6 4. Nf3 d5 5. e3 Bb4+ 6. c3 Bd6 7. Bd3 0-0 8. Qc2 g6 9. Nbd2 c6 10. h4 h5 11. Nh2 Qc7 12. Nhf1 Kg7 13. 0-0-0 b5 14. f3 Qf7 15. Rg1 Be6 16. g4 fxg4 17. Ng3 Rh8 18. f4 f5 19. Kb1 Nd7 20. Rgf1 Nb6 21. Rde1 Nc4 22. Nb3 Qf6 23. e4 dxe4 24. Nxe4 fxe4 25. Bxe4 Bf5 26. Qf2 Rhe8 27. Bxf5 Qxf5+ 28. Ka1 Rxe1+ 29. Qxe1 Rf8 30. Nc5 Bxc5 31. dxc5 Qc2 32. Rf2 Re8 33. Qg1 Qe4 34. Rf1 Ne3 35. a3 Nxf1 0-1

[Event "Gran Canaria Galdos op 1st"]
[Site "Gran Canaria"]
[Date "2016.05.03"]
[Round "4"]
[White "Fernandez de la Hoz A, Carlos"]
[Black "Gonzalez Intelangelo, Gerardo"]
[Result "1/2-1/2"]
[WhiteElo "1697"]
[BlackElo "1972"]
[PlyCount "26"]
[EventDate "2016.04.26"]
[EventType "swiss"]
[EventRounds "6"]
[EventCountry "ESP"]
[SourceTitle "CBM 172 Extra"]
[Source "ChessBase"]
[SourceDate "2016.06.21"]
[SourceVersion "1"]
[SourceVersionDate "2016.06.21"]
[SourceQuality "1"]

1. e4 d5 2. exd5 Qxd5 3. Nc3 Qa5 4. Nf3 Nf6 5. Be2 c6 6. 0-0 Bf5 7. d3 e6 8. Bd2 Qc7 9. Nh4 Bg6 10. g3 Nbd7 11. a3 Be7 12. b4 0-0 13. Nxg6 hxg6 1/2-1/2

[Event "Las Palmas Montalvo Memorial 9th"]
[Site "Las Palmas"]
[Date "2016.03.21"]
[Round "1"]
[White "Garcia Cruz, Jose Manuel"]
[Black "Gonzalez Intelangelo, Gerardo"]
[Result "1/2-1/2"]
[WhiteElo "1349"]
[BlackElo "1954"]
[PlyCount "35"]
[EventDate "2016.03.21"]
[EventType "swiss"]
[EventRounds "9"]
[EventCountry "ESP"]
[SourceTitle "CBM 171 Extra"]
[Source "ChessBase"]
[SourceDate "2016.04.26"]
[SourceVersion "1"]
[SourceVersionDate "2016.04.26"]
[SourceQuality "1"]

1. d4 d5 2. c4 e6 3. Nf3 Nf6 4. Bg5 a6 5. a4 Be7 6. Nc3 h6 7. Bh4 Ne4 8. Bxe7 Qxe7 9. Nxe4 dxe4 10. Ne5 Nd7 11. Nxd7 Bxd7 12. e3 0-0 13. Be2 Bc6 14. 0-0 Qb4 15. Qc2 f5 16. Qc3 Qe7 17. b4 b6 18. Rfd1 1/2-1/2

[Event "Gran Canaria Cabildo op"]
[Site "Gran Canaria"]
[Date "2016.03.15"]
[Round "9"]
[White "Garcia Blanco, Omar"]
[Black "Gonzalez Intelangelo, Gerardo"]
[Result "1-0"]
[WhiteElo "2278"]
[BlackElo "1967"]
[PlyCount "105"]
[EventDate "2016.02.16"]
[EventType "swiss"]
[EventRounds "9"]
[EventCountry "ESP"]
[SourceTitle "CBM 171 Extra"]
[Source "ChessBase"]
[SourceDate "2016.04.26"]
[SourceVersion "1"]
[SourceVersionDate "2016.04.26"]
[SourceQuality "1"]

1. e4 e6 2. d4 d5 3. Nc3 dxe4 4. Nxe4 Nd7 5. Nf3 Ngf6 6. Nxf6+ Nxf6 7. Bd3 c5 8. dxc5 Qa5+ 9. c3 Qxc5 10. 0-0 Bd7 11. Be3 Qc7 12. Qe2 Be7 13. Bg5 Bc6 14. Ne5 0-0 15. Bh4 Rad8 16. Rfe1 b6 17. Nxc6 Qxc6 18. a4 Qc7 19. Red1 Nd5 20. Bxe7 Qxe7 21. g3 a5 22. Be4 Nf6 23. Bf3 Qc5 24. Rd3 Rxd3 25. Qxd3 Rc8 26. Rd1 Kf8 27. Qd6+ Qxd6 28. Rxd6 Rb8 29. b4 axb4 30. cxb4 Ke7 31. Rc6 Nd5 32. Bxd5 exd5 33. Rc7+ Ke6 34. Ra7 g5 35. Kf1 h5 36. Ke2 f6 37. Kd3 Ke5 38. Ra6 Rb7 39. Ra8 Re7 40. Ra6 Rb7 41. Ra8 Re7 42. a5 bxa5 43. bxa5 Rb7 44. Re8+ Kd6 45. Rd8+ Ke5 46. f4+ gxf4 47. gxf4+ Ke6 48. Kd4 Rb4+ 49. Kc5 Rc4+ 50. Kb5 Rxf4 51. a6 Rf1 52. a7 Rb1+ 53. Kc5 1-0

[Event "Gran Canaria Cabildo op"]
[Site "Gran Canaria"]
[Date "2016.03.08"]
[Round "7"]
[White "Cruz Pino, Adrian"]
[Black "Gonzalez Intelangelo, Gerardo"]
[Result "1-0"]
[WhiteElo "2104"]
[BlackElo "1967"]
[PlyCount "59"]
[EventDate "2016.02.16"]
[EventType "swiss"]
[EventRounds "9"]
[EventCountry "ESP"]
[SourceTitle "CBM 171 Extra"]
[Source "ChessBase"]
[SourceDate "2016.04.26"]
[SourceVersion "1"]
[SourceVersionDate "2016.04.26"]
[SourceQuality "1"]

1. e4 d5 2. exd5 Nf6 3. Nf3 Nxd5 4. g3 c5 5. Bg2 Nc6 6. 0-0 g6 7. d4 cxd4 8. Nxd4 Ndb4 9. Nxc6 Qxd1 10. Rxd1 Nxc6 11. Nc3 Bg4 12. f3 Bd7 13. Ne4 Bg7 14. c3 0-0-0 15. Ng5 Rdf8 16. Be3 h6 17. Ne4 Rd8 18. Nc5 Be8 19. Rxd8+ Nxd8 20. a4 b6 21. Nd3 Nc6 22. b4 Bd7 23. a5 Bf5 24. f4 Bxd3 25. Bxc6 Kc7 26. b5 bxa5 27. Rxa5 Rd8 28. Rxa7+ Kd6 29. Bb6 Bxc3 30. Kg2 1-0

[Event "Gran Canaria Cabildo op"]
[Site "Gran Canaria"]
[Date "2016.03.01"]
[Round "5"]
[White "Manchon Santana, Alberto"]
[Black "Gonzalez Intelangelo, Gerardo"]
[Result "1/2-1/2"]
[WhiteElo "1863"]
[BlackElo "1967"]
[PlyCount "103"]
[EventDate "2016.02.16"]
[EventType "swiss"]
[EventRounds "9"]
[EventCountry "ESP"]
[SourceTitle "CBM 171 Extra"]
[Source "ChessBase"]
[SourceDate "2016.04.26"]
[SourceVersion "1"]
[SourceVersionDate "2016.04.26"]
[SourceQuality "1"]

1. d4 d5 2. c4 e6 3. Nc3 Nf6 4. cxd5 exd5 5. Bg5 Be7 6. e3 c6 7. Qc2 Nbd7 8. Bd3 Nf8 9. Nf3 Ng6 10. 0-0 Ng4 11. Bxe7 Qxe7 12. Rab1 a5 13. Na4 Qc7 14. Bf5 0-0 15. Rfc1 Nf6 16. Bxc8 Raxc8 17. Nc5 Rfe8 18. b4 axb4 19. Rxb4 b6 20. Na4 Nd7 21. Qb2 Rb8 22. Rb1 b5 23. Nc3 Nb6 24. a4 Nc4 25. Qb3 Na5 26. Qb2 Nc4 27. Qb3 Na5 28. Qd1 bxa4 29. Rxa4 Nc4 30. Rxb8 Rxb8 31. Qa1 h6 32. Ne1 Nf8 33. Nd3 Ne6 34. g3 Rb3 35. Rb4 Ra3 36. Qc1 Qa5 37. Qc2 g6 38. h4 h5 39. Na4 Rxd3 40. Rb8+ Kg7 41. Qxd3 Qxa4 42. Kg2 Qa7 43. Qb3 Qe7 44. Qa4 Qf6 45. Qa6 Nd2 46. Qc8 Qf3+ 47. Kg1 Qd1+ 48. Kh2 Nf3+ 49. Kg2 Ne1+ 50. Kh2 Nf3+ 51. Kg2 Ne1+ 52. Kh2 1/2-1/2

[Event "Las Palmas Insular-chT Pref-B"]
[Site "Las Palmas"]
[Date "2016.02.06"]
[Round "11.1"]
[White "Gonzalez Intelangelo, Gerardo"]
[Black "Manchon Santana, Alberto"]
[Result "0-1"]
[WhiteElo "1954"]
[BlackElo "1950"]
[PlyCount "52"]
[EventDate "2015.10.17"]
[EventType "team-tourn"]
[EventRounds "14"]
[EventCountry "ESP"]
[SourceTitle "EXT 2017"]
[Source "ChessBase"]
[SourceDate "2016.10.25"]
[SourceVersion "1"]
[SourceVersionDate "2016.10.25"]
[SourceQuality "1"]
[WhiteTeam "Drago de Sataute Centro Goya III"]
[BlackTeam "La Caja de Canarias II"]
[WhiteTeamCountry "ESP"]
[BlackTeamCountry "ESP"]

1. Nf3 c5 2. c4 Nc6 3. g3 g6 4. Bg2 Bg7 5. Nc3 e6 6. d3 Nge7 7. Bd2 0-0 8. Rb1 d5 9. a3 a5 10. 0-0 d4 11. Nb5 e5 12. Nh4 Nf5 13. Nxf5 Bxf5 14. Qc1 Re8 15. Bh6 e4 16. dxe4 Bxh6 17. Qxh6 Bxe4 18. Rbe1 Bxg2 19. Kxg2 Ne5 20. Qc1 Qd7 21. Qc2 Qc6+ 22. Kh3 g5 23. f3 Qe6+ 24. g4 Nxc4 25. Qf5 Qh6+ 26. Kg3 Qh4+ 0-1

[Event "Las Palmas Insular-chT Pref-A"]
[Site "Las Palmas"]
[Date "2016.01.23"]
[Round "10.3"]
[White "Mikoleizig, Egenhard"]
[Black "Gonzalez Intelangelo, Gerardo"]
[Result "1/2-1/2"]
[WhiteElo "2080"]
[BlackElo "2011"]
[PlyCount "69"]
[EventDate "2015.10.17"]
[EventType "team-tourn"]
[EventRounds "14"]
[EventCountry "ESP"]
[SourceTitle "EXT 2017"]
[Source "ChessBase"]
[SourceDate "2016.10.25"]
[SourceVersion "1"]
[SourceVersionDate "2016.10.25"]
[SourceQuality "1"]
[WhiteTeam "Grandama Santa Lucia"]
[BlackTeam "Goya Villa de Teror II"]
[WhiteTeamCountry "ESP"]
[BlackTeamCountry "ESP"]

1. e4 c5 2. Nc3 d6 3. g3 Nc6 4. Bg2 g6 5. d3 Bg7 6. f4 e6 7. Nf3 Nge7 8. 0-0 Rb8 9. Ne2 Nd4 10. c3 Nxf3+ 11. Bxf3 0-0 12. h3 b5 13. g4 f5 14. Be3 Qc7 15. a3 a5 16. Rb1 b4 17. Qd2 Bd7 18. axb4 axb4 19. Rfc1 bxc3 20. bxc3 Bc6 21. Qa2 Qd7 22. Ng3 Kh8 23. Bg2 Rxb1 24. Qxb1 Qa7 25. Ne2 Rb8 26. Qc2 Qb7 27. Kf2 Qb2 28. Ke1 Kg8 29. Qd2 Qb7 30. Ng3 Qb2 31. Rc2 Qa1+ 32. Rc1 Rb1 33. Rxb1 Qxb1+ 34. Kf2 Qb3 35. Ne2 1/2-1/2

[Event "Gran Canaria Larsen Memorial 1st"]
[Site "Gran Canaria"]
[Date "2015.09.23"]
[Round "7"]
[White "Gonzalez Intelangelo, Gerardo"]
[Black "Fernandez de la Hoz A, Carlos"]
[Result "1/2-1/2"]
[WhiteElo "2021"]
[BlackElo "1735"]
[PlyCount "94"]
[EventDate "2015.09.09"]
[EventType "swiss"]
[EventRounds "7"]
[EventCountry "ESP"]
[SourceTitle "EXT 2016"]
[Source "ChessBase"]
[SourceDate "2015.10.08"]
[SourceVersion "1"]
[SourceVersionDate "2015.10.08"]
[SourceQuality "1"]

1. d4 Nf6 2. c4 d5 3. cxd5 e6 4. dxe6 Bxe6 5. Nf3 Be7 6. Nc3 0-0 7. Bg5 c6 8. e3 Qa5 9. Bd3 Nbd7 10. 0-0 h6 11. Bh4 g5 12. Bg3 Nh5 13. Qc2 Nxg3 14. hxg3 g4 15. Nd2 Qg5 16. Ne2 Nb6 17. Ne4 Qg7 18. Nc5 Nd5 19. a3 Bc8 20. e4 Nb6 21. Rad1 Nd7 22. Nxd7 Bxd7 23. Nf4 Rad8 24. e5 Qg5 25. Bc4 Bf5 26. Qe2 Kg7 27. Qe3 Bc8 28. Rfe1 h5 29. Kf1 h4 30. gxh4 Qxh4 31. g3 Qh6 32. Kg2 Bg5 33. Rh1 Bxf4 34. Qxf4 Qxf4 35. gxf4 f5 36. Rh5 Rh8 37. Rxh8 Rxh8 38. d5 b5 39. d6 bxc4 40. d7 Bb7 41. d8Q c5+ 42. Kf1 Rh1+ 43. Ke2 Bf3+ 44. Ke3 Rxd1 45. Qg5+ Kh8 46. Qf6+ Kg8 47. Qg6+ Kh8 1/2-1/2

[Event "Gran Canaria Larsen Memorial 1st"]
[Site "Gran Canaria"]
[Date "2015.09.21"]
[Round "6"]
[White "Ramirez Medina, Victor"]
[Black "Gonzalez Intelangelo, Gerardo"]
[Result "1-0"]
[WhiteElo "2123"]
[BlackElo "2021"]
[PlyCount "55"]
[EventDate "2015.09.09"]
[EventType "swiss"]
[EventRounds "7"]
[EventCountry "ESP"]
[SourceTitle "EXT 2016"]
[Source "ChessBase"]
[SourceDate "2015.10.08"]
[SourceVersion "1"]
[SourceVersionDate "2015.10.08"]
[SourceQuality "1"]

1. e4 e5 2. Nf3 Nc6 3. Bb5 a6 4. Ba4 Nf6 5. 0-0 Be7 6. Re1 b5 7. Bb3 d6 8. c3 0-0 9. h3 Nb8 10. d4 Nbd7 11. c4 Bb7 12. Nc3 c6 13. Bg5 Re8 14. c5 b4 15. Na4 exd4 16. cxd6 Bxd6 17. Qxd4 Ne5 18. Nxe5 Bxe5 19. Qxb4 Qc7 20. Rad1 Rad8 21. f4 a5 22. Qc4 Bd6 23. e5 Bb4 24. Rxd8 Rxd8 25. Re2 h6 26. Bh4 g5 27. fxg5 Nd5 28. gxh6 1-0

[Event "Gran Canaria Dominguez Memorial 2nd"]
[Site "Gran Canaria"]
[Date "2015.04.13"]
[Round "2"]
[White "Gonzalez Intelangelo, Gerardo"]
[Black "Gutierrez Olivares, Daniel"]
[Result "0-1"]
[WhiteElo "1987"]
[BlackElo "2309"]
[PlyCount "92"]
[EventDate "2015.04.09"]
[EventType "swiss"]
[EventRounds "7"]
[EventCountry "ESP"]
[SourceTitle "CBM 166 Extra"]
[Source "ChessBase"]
[SourceDate "2015.06.18"]
[SourceVersion "1"]
[SourceVersionDate "2015.06.18"]
[SourceQuality "1"]

1. d4 f5 2. c4 Nf6 3. Nc3 g6 4. Nf3 Bg7 5. g3 0-0 6. Bg2 d6 7. 0-0 c6 8. Qc2 Qe8 9. d5 e5 10. dxe6 Bxe6 11. b3 Na6 12. Bb2 Nc5 13. Rad1 Rd8 14. Nd4 Bf7 15. e3 Qe7 16. Nde2 Rfe8 17. Nf4 Nce4 18. Nxe4 fxe4 19. h4 h6 20. Rd2 g5 21. hxg5 hxg5 22. Nh3 Ng4 23. Bxg7 Kxg7 24. Qc3+ Kg6 25. Rfd1 d5 26. cxd5 Bxd5 27. Qd4 a6 28. b4 Nf6 29. Bf1 Bb3 30. Qxd8 Rxd8 31. Rxd8 Bxd1 32. Rxd1 Qxb4 33. Rd4 Qa3 34. Rd2 b5 35. Rc2 c5 36. Be2 c4 37. Kg2 Nd5 38. Rd2 Qc5 39. Rd4 Nf6 40. Bd1 Qa3 41. Bc2 Qxa2 42. Bxe4+ Nxe4 43. Rxe4 c3 44. Re5 c2 45. Rxg5+ Kf6 46. Rc5 Qc4 0-1

[Event "Las Palmas Insular-chT Pref-A"]
[Site "Las Palmas"]
[Date "2015.04.11"]
[Round "13.4"]
[White "Garcia Van Isschot, Carlos"]
[Black "Gonzalez Intelangelo, Gerardo"]
[Result "0-1"]
[WhiteElo "1661"]
[BlackElo "2040"]
[PlyCount "107"]
[EventDate "2014.11.22"]
[EventType "team-tourn"]
[EventRounds "14"]
[EventCountry "ESP"]
[SourceTitle "EXT 2016"]
[Source "ChessBase"]
[SourceDate "2015.10.08"]
[SourceVersion "1"]
[SourceVersionDate "2015.10.08"]
[SourceQuality "1"]
[WhiteTeam "La Bagacera"]
[BlackTeam "Villa de Teror Goya II"]
[WhiteTeamCountry "ESP"]
[BlackTeamCountry "ESP"]

1. d4 d6 2. Nf3 f5 3. g3 Nf6 4. Bg2 g6 5. 0-0 Bg7 6. b3 0-0 7. Bb2 e6 8. c4 Qe7 9. Nbd2 Nc6 10. Re1 e5 11. d5 Nd8 12. e4 fxe4 13. Nxe4 Nxe4 14. Rxe4 Bf5 15. Re1 Qd7 16. Nh4 Bg4 17. f3 Bh3 18. Qe2 Nf7 19. Rab1 Ng5 20. Bh1 Qf7 21. Rbd1 Bd7 22. Bg2 Nh3+ 23. Bxh3 Bxh3 24. Bc1 Rae8 25. Qe4 Qf6 26. Rf1 Bxf1 27. Rxf1 g5 28. Ng2 a6 29. Ne3 Re7 30. h3 h5 31. g4 Ref7 32. Nf5 Kh8 33. Rf2 Qg6 34. Rg2 Bf6 35. Bd2 Rh7 36. Bc3 hxg4 37. hxg4 Rh3 38. Be1 Rf7 39. Bg3 Bd8 40. Bf2 Rfh7 41. Bg3 Rh1+ 42. Kf2 Ra1 43. Ke3 Rhh1 44. Kd3 Qh7 45. Rc2 Rad1+ 46. Kc3 Rc1 47. Bxe5+ Kg8 48. Bg7 Rxc2+ 49. Kxc2 Qh2+ 50. Kc3 Rc1+ 51. Kb4 Qd2+ 52. Ka3 Re1 53. Ne7+ Bxe7 54. Qg6 0-1

[Event "Gran Canaria Cabildo op"]
[Site "Gran Canaria"]
[Date "2015.03.17"]
[Round "6"]
[White "Camino Carrio, Nicanor"]
[Black "Gonzalez Intelangelo, Gerardo"]
[Result "1-0"]
[WhiteElo "2060"]
[BlackElo "2001"]
[PlyCount "99"]
[EventDate "2015.02.27"]
[EventType "swiss"]
[EventRounds "7"]
[EventCountry "ESP"]
[SourceTitle "CBM 165 Extra"]
[Source "ChessBase"]
[SourceDate "2015.04.21"]
[SourceVersion "1"]
[SourceVersionDate "2015.04.21"]
[SourceQuality "1"]

1. e4 e5 2. Nf3 Nc6 3. Bb5 a6 4. Ba4 Nf6 5. d3 b5 6. Bb3 Be7 7. 0-0 0-0 8. Re1 d6 9. c3 Na5 10. Bc2 c5 11. Nbd2 Nc6 12. Nf1 Re8 13. h3 Bf8 14. a4 Bb7 15. Nh4 g6 16. axb5 axb5 17. Rxa8 Bxa8 18. Ng3 d5 19. exd5 Qxd5 20. Bb3 Qd7 21. Nf3 Bg7 22. Ng5 Re7 23. N3e4 Nxe4 24. Nxe4 c4 25. dxc4 Na5 26. cxb5 Qxb5 27. Qd8+ Re8 28. Bxf7+ Kxf7 29. Nd6+ Kf8 30. Nxe8 Qxe8 31. Qxa5 Qc6 32. f3 Kf7 33. Rd1 Bf6 34. Qa7+ Bb7 35. Be3 Qb5 36. Qb8 Be7 37. Qc7 Qe2 38. Qxb7 Qxd1+ 39. Kh2 Ke6 40. Qc6+ Kf7 41. Qc4+ Kf6 42. Qh4+ Ke6 43. Qxh7 Qd3 44. Bf2 Bg5 45. Bg3 Qc2 46. Qg8+ Kd6 47. Qb8+ Kd7 48. Qxe5 Qc1 49. Qd6+ Ke8 50. Qxg6+ 1-0

[Event "Gran Canaria Cabildo op"]
[Site "Gran Canaria"]
[Date "2015.03.10"]
[Round "4"]
[White "Menvielle Laccourreye, Augusto"]
[Black "Gonzalez Intelangelo, Gerardo"]
[Result "1-0"]
[WhiteElo "2131"]
[BlackElo "2001"]
[PlyCount "43"]
[EventDate "2015.02.27"]
[EventType "swiss"]
[EventRounds "7"]
[EventCountry "ESP"]
[SourceTitle "CBM 165 Extra"]
[Source "ChessBase"]
[SourceDate "2015.04.21"]
[SourceVersion "1"]
[SourceVersionDate "2015.04.21"]
[SourceQuality "1"]

1. e4 e5 2. f4 exf4 3. Nc3 d6 4. d4 g5 5. h4 g4 6. Bxf4 Bg7 7. Bc4 Nc6 8. Nge2 Nf6 9. Qd2 Nh5 10. Bg5 Qd7 11. Rf1 0-0 12. Bh6 Qd8 13. 0-0-0 Be6 14. Nd5 Bxd5 15. exd5 Nb8 16. Rf5 Qxh4 17. Qg5 Qxg5+ 18. Rxg5 Nd7 19. Rxh5 Bxh6+ 20. Rxh6 Kg7 21. Rdh1 Nf6 22. Ng3 1-0

[Event "Gran Canaria Cabildo op"]
[Site "Gran Canaria"]
[Date "2015.03.06"]
[Round "3"]
[White "Gonzalez Intelangelo, Gerardo"]
[Black "Suarez Pazos, Alberto"]
[Result "1-0"]
[WhiteElo "2001"]
[BlackElo "1753"]
[PlyCount "20"]
[EventDate "2015.02.27"]
[EventType "swiss"]
[EventRounds "7"]
[EventCountry "ESP"]
[SourceTitle "CBM 165 Extra"]
[Source "ChessBase"]
[SourceDate "2015.04.21"]
[SourceVersion "1"]
[SourceVersionDate "2015.04.21"]
[SourceQuality "1"]

1. d4 d5 2. Nf3 Nf6 3. Bg5 Ne4 4. Bf4 c5 5. e3 Qa5+ 6. c3 cxd4 7. exd4 Bg4 8. Qb3 Bc8 9. Bb5+ Nd7 10. Qxd5 Nef6 1-0

[Event "Las Palmas Insular-chT Pref-A"]
[Site "Las Palmas"]
[Date "2015.02.28"]
[Round "8.3"]
[White "Amador Garcia, Ismael"]
[Black "Gonzalez Intelangelo, Gerardo"]
[Result "1/2-1/2"]
[WhiteElo "1519"]
[BlackElo "2040"]
[PlyCount "67"]
[EventDate "2014.11.22"]
[EventType "team-tourn"]
[EventRounds "14"]
[EventCountry "ESP"]
[SourceTitle "EXT 2016"]
[Source "ChessBase"]
[SourceDate "2015.10.08"]
[SourceVersion "1"]
[SourceVersionDate "2015.10.08"]
[SourceQuality "1"]
[WhiteTeam "Dominicas"]
[BlackTeam "Villa de Teror Goya II"]
[WhiteTeamCountry "ESP"]
[BlackTeamCountry "ESP"]

1. e4 b6 2. d4 Bb7 3. Nc3 e6 4. Nf3 d6 5. Bd3 Nd7 6. 0-0 g6 7. Bg5 Ne7 8. Qd2 Bg7 9. Bh6 0-0 10. Bxg7 Kxg7 11. Rad1 h6 12. Rfe1 a6 13. a4 c6 14. e5 d5 15. b4 Qc7 16. Ne2 c5 17. bxc5 bxc5 18. c3 Rac8 19. Ng3 Qa5 20. h4 cxd4 21. cxd4 Qxd2 22. Rxd2 Nc6 23. Rb2 Na5 24. Nd2 Rc3 25. Bf1 Rfc8 26. Reb1 R8c7 27. Ne2 Ra3 28. Nb3 Nxb3 29. Rxb3 Rxb3 30. Rxb3 Kf8 31. Nc3 Ke7 32. a5 f6 33. f4 Nb8 34. Na4 1/2-1/2

[Event "Las Palmas Insular-chT Pref-A"]
[Site "Las Palmas"]
[Date "2015.01.24"]
[Round "5.2"]
[White "Guerrero Orihuela, Jose Luis"]
[Black "Gonzalez Intelangelo, Gerardo"]
[Result "0-1"]
[WhiteElo "1621"]
[BlackElo "2040"]
[PlyCount "64"]
[EventDate "2014.11.22"]
[EventType "team-tourn"]
[EventRounds "14"]
[EventCountry "ESP"]
[SourceTitle "EXT 2016"]
[Source "ChessBase"]
[SourceDate "2015.10.08"]
[SourceVersion "1"]
[SourceVersionDate "2015.10.08"]
[SourceQuality "1"]
[WhiteTeam "Canarias de Vecindario"]
[BlackTeam "Villa de Teror Goya II"]
[WhiteTeamCountry "ESP"]
[BlackTeamCountry "ESP"]

1. d4 e6 2. c4 f5 3. e4 fxe4 4. Nc3 Nf6 5. Bg5 Be7 6. Nge2 0-0 7. Ng3 d5 8. c5 Nc6 9. Bb5 Bd7 10. 0-0 Qe8 11. a3 Qg6 12. Bf4 Rac8 13. b4 h5 14. h3 h4 15. Nge2 a6 16. Bxc6 bxc6 17. Be5 Nh5 18. Qc2 Be8 19. Nd1 Bf6 20. Bh2 Qg5 21. Ne3 e5 22. dxe5 Bxe5 23. Bxe5 Qxe5 24. Rad1 Bd7 25. Kh1 Rf7 26. Qc3 Qg5 27. Rd2 Rcf8 28. Ng1 Nf4 29. Kh2 Nd3 30. f3 Qxe3 31. Re2 Qf4+ 32. Kh1 Qg3 0-1